OPAC Home

ප්‍රේමය නොහොත් වනගත වු භමුද්‍රා (Record no. 94498)

MARC details
000 -LEADER
fixed length control field 00549nam a2200181Ia 4500
003 - CONTROL NUMBER IDENTIFIER
control field LK-CoDNM
008 - FIXED-LENGTH DATA ELEMENTS--GENERAL INFORMATION
fixed length control field 010623t1928 xxu||||| |||| 00| 1 sin d
040 ## - CATALOGING SOURCE
Original cataloging agency LK-CoDNM
Modifying agency LK-CoDNM
Description conventions LK-CoDNM
041 ## - LANGUAGE CODE
Language code of text/sound track or separate title Sinhala; Sinhalese
080 ## - UNIVERSAL DECIMAL CLASSIFICATION NUMBER
Universal Decimal Classification number 104 I.13
942 ## - ADDED ENTRY ELEMENTS (KOHA)
Koha item type Books
100 ## - MAIN ENTRY--PERSONAL NAME
Personal name Indrananda thero,Atabaage
245 ## - TITLE STATEMENT
Title ප්‍රේමය නොහොත් වනගත වු භමුද්‍රා
246 ## - VARYING FORM OF TITLE
Title proper/short title Preemaya or Vanadatha vuu baddra
260 ## - PUBLICATION, DISTRIBUTION, ETC. (IMPRINT)
Name of publisher, distributor, etc. P.K.W.Siriwardana
Place of publication, distribution, etc. Colombo
Date of publication, distribution, etc. 1928
300 ## - PHYSICAL DESCRIPTION
Other physical details 44p., 21 cm
500 ## - GENERAL NOTE
General note Sucharithodaya kathaNo.1
Holdings
Withdrawn status Lost status Damaged status Not for loan Collection code Permanent Location Current Location Date acquired Full call number Barcode Koha item type
    Damaged   Monographs Library National Museum Colombo - Sri Lanka Library National Museum Colombo - Sri Lanka 2023-08-02 104 I 13 OB916 1 Books
Copyright © 2023 Department of National Museum, Colombo 07, Sri Lanka Funded by UNESCO IFAP UNESCO